Apuntes sobre la discrecionalidad legislativa / (Registro nro. 6131)
[ vista simple ]
| 000 -LEADER | |
|---|---|
| fixed length control field | 01363nabaa22002057a 4500 |
| 003 - CONTROL NUMBER IDENTIFIER | |
| control field | OSt |
| 005 - DATE AND TIME OF LATEST TRANSACTION | |
| control field | 20260122221250.0 |
| 008 - FIXED-LENGTH DATA ELEMENTS--GENERAL INFORMATION | |
| fixed length control field | 190701b xxu||||| |||| 00| 0 spa d |
| 040 ## - CATALOGING SOURCE | |
| Transcribing agency | PJ |
| 100 ## - MAIN ENTRY--PERSONAL NAME | |
| 9 (RLIN) | 5281 |
| Personal name | Silva Tamayo, Gustavo E. |
| 245 10 - TITLE STATEMENT | |
| Title | Apuntes sobre la discrecionalidad legislativa / |
| Statement of responsibility, etc | Gustavo E. Silva Tamayo. |
| 300 ## - PHYSICAL DESCRIPTION | |
| Extent | p. 136-157 |
| 505 ## - FORMATTED CONTENTS NOTE | |
| Formatted contents note | Sumario: I. Introducción.— II. Principales nociones de discrecionalidad estatal: breve cuadro evolutivo.— III. La programación legislativa finalista y las cláusulas abiertas.— IV. Especies de discrecionalidad.— V. La discrecionalidad estatal como modo (y no como ausencia) de regulación.— VI. Las técnicas de control de la discrecionalidad administrativa resultan, en general, aplicables a la actuación discrecional de todos los órganos estatales.— VII. La discrecionalidad legislativa: presupuestos y límites.— VIII. El ejercicio de la discrecionalidad legislativa y su control finalista.— IX. Conclusión. |
| 505 ## - FORMATTED CONTENTS NOTE | |
| Title | ¿Te interesa el texto completo? Comunicate al correo: koha@justierradelfuego.gov.ar |
| 650 #0 - SUBJECT ADDED ENTRY--TOPICAL TERM | |
| 9 (RLIN) | 211 |
| Topical term or geographic name as entry element | DERECHO ADMINISTRATIVO |
| 650 #0 - SUBJECT ADDED ENTRY--TOPICAL TERM | |
| 9 (RLIN) | 1183 |
| Topical term or geographic name as entry element | LEGISLACION |
| 650 #0 - SUBJECT ADDED ENTRY--TOPICAL TERM | |
| 9 (RLIN) | 208 |
| Topical term or geographic name as entry element | OBJECION DE CONCIENCIA |
| 773 0# - HOST ITEM ENTRY | |
| Host Biblionumber | 2842 |
| Host Itemnumber | 3251 |
| Place, publisher, and date of publication | Buenos Aires : AbeledoPerrot, 2012- |
| Other item identifier | DA121 |
| Title | Derecho administrativo. Nº 148 julio/agosto 2023 |
| International Standard Book Number | 18510590 |
| 942 ## - ADDED ENTRY ELEMENTS (KOHA) | |
| Source of classification or shelving scheme | |
| Koha item type | Analítica Artículo de Revista |
No hay ítems disponibles.
